| 000 | 01267nam a2200229Ia 4500 | ||
|---|---|---|---|
| 003 | Ost | ||
| 005 | 20260507075602.0 | ||
| 008 | 260507s9999||||xx |||||||||||||| ||und|| | ||
| 020 | _a9957063316 | ||
| 040 | _cfsecg | ||
| 041 | _aara | ||
| 082 | _a600 | ||
| 100 |
_aالسعايدة، فيصل جميل _eمؤلف |
||
| 245 | 0 |
_aالمحاسبة الادارية : _bلتخصص نظم المعلومات المحاسبية / _c فيصل جميل السعايدة |
|
| 260 |
_aعمان: _bدار المسيرة للنشر والتوزيع, _c2007 |
||
| 300 |
_a192 صفحة؛ _bإيضاحات ؛ _c24 سم |
||
| 504 | _aالمراجع ص.192 (اقتناءات 2014 3ن) | ||
| 520 | _a-التطور التاريخي للمحاسبة الادارية - الموازنات الرأسمالية - تحليلات حجم التعادل , التكاليف المعيارية والموازنة المرنة, تليل التقارير المالية, اضافة الى مفاهيم التكاليف وتصنيفاتها, المخزون السلعي , انظمة الرقابة الادارية ومحاسبة المسؤولية, القوائم المالية | ||
| 653 | _aادارة الاعمال | ||
| 653 | _aالمحاسبة الادارية | ||
| 942 | _cكتاب | ||
| 999 |
_c45019 _d45019 |
||